000
00281nam a2200109Ia 4500
001
1261756
005
20260417140358.0
008
260417s9999 xx 000 0 und d
020
_a
9786051418483
245
0
_a
Şıpsevdi
_c
Hüseyin Rahmi Gürpınar
260
_b
Everest Yayınları
999
_c
1261756
_d
1261756